000 00692nam a22002057a 4500
999 _c20859
_d20859
005 20200212164443.0
008 200212b xxu||||| |||| 00| 0 spa d
040 _aCO-BoIAVH
_cCO-BoIAVH
041 _aspa
044 _ack
110 _aFundación Friedrich Ebert de Colombia. FESCOL
245 _a¡Ven a investigar a La Planada!
_bRicaurte, Nariño, Colombia
_cFundación FES
260 _aBogotá:
_bFundación FES,
_cs.f.
300 _a12 páginas,
_bMapa,
_c21.6 x 14 cm
650 0 _aReserva Natural
_zLa Planada
650 0 _aCentros de investigación
650 0 _aCentro de educación
650 0 _aTurismo ecológico
942 _2z
_cFolleto